Cơ học kết cấu
Sách trình bày những nguyên lí, các định lí và phương pháp cơ bản trong cơ học kết cấu: phương pháp lọc, thực hành tính các cấu kết siêu tĩnh, phương pháp chuyển vị - phần tử hữu hạn. Tính toán hệ chịu tải trong di động trên công trình,......
Αποθηκεύτηκε σε:
| Κύριος συγγραφέας: | |
|---|---|
| Μορφή: | Βιβλίο |
| Γλώσσα: | Undetermined |
| Έκδοση: |
Hà Nội
Khoa học và Kỹ thuật
2005
|
| Θέματα: | |
| Ετικέτες: |
Προσθήκη ετικέτας
Δεν υπάρχουν, Καταχωρήστε ετικέτα πρώτοι!
|
| Thư viện lưu trữ: | Trung tâm Học liệu Trường Đại học Cần Thơ |
|---|
| LEADER | 00947nam a2200205Ia 4500 | ||
|---|---|---|---|
| 001 | CTU_101167 | ||
| 008 | 210402s9999 xx 000 0 und d | ||
| 020 | |c 47000 | ||
| 082 | |a 624.171 | ||
| 082 | |b C561 | ||
| 100 | |a Đặng, Việt Cương | ||
| 245 | 0 | |a Cơ học kết cấu | |
| 245 | 0 | |c Đặng Việt Cương | |
| 260 | |a Hà Nội | ||
| 260 | |b Khoa học và Kỹ thuật | ||
| 260 | |c 2005 | ||
| 520 | |a Sách trình bày những nguyên lí, các định lí và phương pháp cơ bản trong cơ học kết cấu: phương pháp lọc, thực hành tính các cấu kết siêu tĩnh, phương pháp chuyển vị - phần tử hữu hạn. Tính toán hệ chịu tải trong di động trên công trình,... | ||
| 650 | |a Mechanical engineering,Mechanics, applied | ||
| 904 | |i Tuyến | ||
| 980 | |a Trung tâm Học liệu Trường Đại học Cần Thơ | ||